[Event "US-ch Open 2019"]
[Site "Saint Louis"]
[Date "2019.03.23"]
[Round "4.1"]
[White "Xiong, Jeffery"]
[Black "Robson, Ray"]
[Result "0-1"]
[WhiteElo "2663"]
[BlackElo "2667"]
[Annotator "TA"]
[PlyCount "90"]
[EventDate "2019.03.20"]
[EventType "swiss"]
[EventCountry "USA"]
[SourceTitle "playchess.com"]
[Source "ChessBase"]
[SourceQuality "1"]

{[%evp 16,90,5,0,0,0,18,0,0,-8,-12,-13,-11,-32,-38,-126,-82,-110,-104,-87,-90,-120,-102,-178,-142,-251,-23,-22,-20,-25,-16,-21,-22,-19,-33,-39,-25,-60,-60,-60,-60,-89,-36,-49,0,0,0,-56,-66,-406,-415,-424,-427,-420,-417,-475,-468,-543,-545,-532,-447,-450,-436,-440,-437,-488,-486,-705,-677,-922,-902,-778,-778,-539,-536,-522,-522]} 1. e4 e5 2. Nf3 Nc6 3. Bb5 Nf6 4. O-O Nxe4 5. d4 Nd6 6. dxe5 Nxb5 7. a4 Nbd4 8. Nxd4 Nxd4 9. Qxd4 d5 $1 {C67: Ruy Lopez: Berlin Defence: 4 0-0 Nxe4} 10. Qd3 g6 11. Nc3 c6 {The position is equal.} 12. Be3 Bf5 13. Qd2 Qa5 {[#]} 14. Rfe1 $146 ({Predecessor:} 14. Bg5 Bg7 15. Rfe1 O-O 16. Be7 Rfe8 17. Bd6 {0-1 (50) Guseinov,G (2611)-Balogh,C (2608) Khanty-Mansiysk 2010}) 14... O-O-O {Strongly threatening ...d4.} 15. e6 ({White should try} 15. Qd4 $15) 15... Bxe6 16. Bg5 Rd7 17. Bf6 Rg8 18. Qe3 Bb4 19. Red1 (19. Qh6 $17) 19... Bf5 $19 20. Nb5 (20. Qf4 $17 {was called for.}) 20... Bxc2 $2 (20... cxb5 $19 21. axb5 Qxb5 22. Rxa7 Kc7) 21. Rdc1 $11 Bf5 22. Nxa7+ Kb8 {[%mdl 64] [#] Trapped Piece} 23. Nb5 Ka8 {Threatens to win with ...d4.} 24. Bc3 Bxc3 25. bxc3 Be6 26. Re1 Re8 27. h3 h5 $36 {[%mdl 2048] Black fights for an advantage.} 28. Kh2 {[#]} Rde7 (28... f6 $1 $17) 29. Qc5 $15 Kb8 30. Qd6+ $1 Kc8 31. Qc5 (31. Kg1 $11) 31... Kd8 $1 32. g3 $2 {[%mdl 8192]} (32. c4 $1 $15 cxb5 33. cxd5 Qc7+ 34. Qxc7+ Kxc7 35. Rec1+ Kb8 36. dxe6) 32... cxb5 $19 33. axb5 Qc7 34. Qd4 Kd7 35. Ra4 Rc8 {Black is clearly winning.} 36. c4 Qc5 37. cxd5 Bf5 38. Rxe7+ Kxe7 39. Qe5+ Kd7 40. Rf4 Qd6 41. Qxd6+ (41. Rxf5 $142 gxf5 42. Qxf5+ Kc7 43. Qxf7+ Kb6 44. Qxh5) 41... Kxd6 42. g4 Ke5 43. Rf3 hxg4 44. hxg4 Bxg4 45. Rxf7 Rb8 {Accuracy: White = 28%, Black = 82%.} 0-1

[Event "US-ch Open 2019"]
[Site "Saint Louis"]
[Date "2019.03.23"]
[Round "4.2"]
[White "Caruana, Fabiano"]
[Black "Dominguez Perez, Leinier"]
[Result "1/2-1/2"]
[WhiteElo "2828"]
[BlackElo "2739"]
[Annotator "TA"]
[PlyCount "170"]
[EventDate "2019.03.20"]
[EventType "swiss"]
[EventCountry "USA"]
[SourceTitle "playchess.com"]
[Source "ChessBase"]
[SourceQuality "1"]

{[%evp 20,170,0,0,0,0,22,16,8,0,0,0,0,2,8,4,7,0,9,0,17,10,0,0,18,4,19,18,21,21,24,15,20,13,20,15,20,0,10,0,0,0,0,0,0,0,0,0,0,0,0,0,0,0,0,0,173,131,131,109,109,109,109,109,129,123,343,322,308,302,508,457,510,501,465,85,90,26,26,26,26,26,56,56,74,76,285,276,275,271,263,270,252,237,225,220,216,219,225,216,410,428,427,415,346,293,400,328,335,264,161,325,161,122,300,54,220,223,260,260,304,180,792,0,0,0,0,0,0,0,0,0,0,0,0,0,0,0,0,0,0,0,0,0,0,0,0,0,0,0,0,0,0]} 1. d4 Nf6 2. c4 e6 3. g3 d5 4. Bg2 Be7 5. Nf3 O-O 6. O-O dxc4 7. Qa4 a6 8. Qxc4 b5 9. Qc2 Bb7 10. Bd2 Be4 11. Qc1 c6 {E05: Open Catalan: 5 Nf3 Be7} (11... Bb7 12. Rd1 Qc8 13. Ba5 c5 14. dxc5 Bxc5 15. Nbd2 Nbd7 16. Nb3 Ba7 17. Qf4 Nb6 18. Bxb6 Bxb6 19. Rac1 Qe8 20. Ne5 Bxg2 21. Kxg2 {½-½ (75) Ding,L (2813)-Radjabov,T (2757) Wijk aan Zee 2019}) 12. a4 Nbd7 13. Nc3 Bg6 14. Nh4 Bh5 {[#]} 15. h3 $146 ({Predecessor:} 15. axb5 axb5 16. Nf3 Qb6 17. e3 Rac8 18. Qb1 c5 19. dxc5 Nxc5 20. b4 Na6 21. Ra5 Nxb4 22. Rxb5 Qd8 23. Rd1 Rb8 24. Be1 {½-½ (24) Smirin,I (2655)-Lysyj,I (2671) Poikovsky 2015}) 15... Nd5 16. axb5 axb5 17. Rxa8 Qxa8 18. e4 Nb4 19. Bg5 Qd8 20. Bxe7 Qxe7 21. Qe3 Rd8 22. Rc1 Nf8 (22... h6 {keeps more tension.} 23. f4 Nb6 24. b3 Nd7 25. e5 Nb6) 23. Bf3 Bxf3 24. Nxf3 Nd7 25. Kg2 h6 26. h4 Nb6 27. b3 Nd7 28. Rd1 Ra8 29. Qe2 Nf6 30. Ne5 Nd7 31. Ng4 Nf6 32. Ne3 Ra3 33. e5 Nd7 34. Ne4 Nb6 35. Qh5 Rxb3 36. Ng4 N4d5 37. Ra1 Ra3 $2 (37... Rd3 $11 {and Black has nothing to worry.}) 38. Nxh6+ gxh6 {[#]} 39. Nf6+ $1 {[%mdl 512]} Nxf6 40. exf6 {[#]} Rxg3+ $1 {[%mdl 512]} 41. fxg3 Qxf6 $16 {[%mdl 4096] Endgame KQR-KQN} 42. Qg4+ $1 Kh8 $2 (42... Qg7 $16 43. Qxg7+ Kxg7) 43. Ra6 $18 Qd8 44. Ra7 $1 {[%cal Ra7f7]} Qf8 $2 (44... Nc4 {was necessary.} 45. Qf4 Nd6 46. Qxh6+ Kg8) 45. Qf3 Kg8 46. Qxc6 {[%mdl 64] Double Attack} Qd8 {Black hopes to continue with ...Qd5+.} 47. Kh2 $2 (47. Qf3 $18 {is the precise move to win.} Qd5 48. Rb7 Qxf3+ 49. Kxf3) 47... Qf6 $16 48. Qe4 ({Much weaker is} 48. Qxb6 $6 Qf2+ 49. Kh3 Qf1+ 50. Kh2 Qf2+ 51. Kh1 Qf1+ 52. Kh2 Qf2+ $11) (48. Ra2 $16 Qxd4 49. Qxb5) 48... Qf2+ $11 49. Kh3 Qf1+ 50. Qg2 Qf5+ 51. g4 Qd3+ 52. Qg3 Qxd4 $2 (52... Qf1+ $16 {is a better defense.} 53. Kh2 Qf6) 53. g5 $18 h5 {With the idea ...Nd5.} 54. g6 $1 {[%cal Rg6f7]} Nd7 55. Ra8+ $1 Kg7 56. gxf7+ Kxf7 57. Qg8+ $1 Ke7 58. Re8+ Kd6 59. Rxe6+ Kc5 $2 (59... Kd5 {might work better.} 60. Rh6+ Kc5 61. Rxh5+ Ne5 62. Qf8+ Kc4 63. Qf1+ Qd3+ 64. Qxd3+ Nxd3) 60. Qg5+ Kb4 61. Qxh5 Nc5 62. Re7 Nd3 {White must now prevent ...Nf4+.} 63. Qf3 Kc3 64. h5 b4 {intending ...b3.} 65. h6 $1 b3 66. h7 b2 {[#]} 67. Rb7 $2 (67. Qf1 $1 $18 Kb3 68. Rb7+ Kc3 69. Qf5) 67... Kd2 $2 (67... b1=R $14 68. Rxb1 Qd7+ 69. Kg2 Qxh7) 68. Qg2+ Kc1 {[#] Hoping for ...Nf4+.} 69. Rc7+ $1 Kb1 70. Qh1+ (70. Qg7 $142 Qe3+ 71. Qg3 Qe6+ 72. Kh2 Qe2+ 73. Qg2 Qe5+ 74. Kh1 Qxc7 75. h8=Q) 70... Nc1 $2 (70... Ka2 71. Qa8+ Kb1) 71. Qa8 $2 (71. Re7 $18) 71... Qe3+ $11 {The position is equal.} 72. Kg4 Qe6+ 73. Kf3 {Intending Qe4+ and mate.} Qe2+ 74. Kg3 Qe5+ 75. Kh3 Qh5+ 76. Kg2 $1 Qe2+ 77. Kh1 Qh5+ 78. Kg1 Qd1+ 79. Kh2 Qh5+ 80. Kg3 Qe5+ 81. Kg4 Qe6+ 82. Kh5 Qf5+ 83. Kh4 Qf4+ 84. Kh5 Qf5+ 85. Kh4 Qf4+ {Accuracy: White = 58%, Black = 60%.} 1/2-1/2

[Event "US-ch Open 2019"]
[Site "Saint Louis"]
[Date "2019.03.23"]
[Round "4.3"]
[White "So, Wesley"]
[Black "Shankland, Samuel"]
[Result "1/2-1/2"]
[WhiteElo "2762"]
[BlackElo "2731"]
[Annotator "TA"]
[PlyCount "62"]
[EventDate "2019.03.20"]
[EventType "swiss"]
[EventCountry "USA"]
[SourceTitle "playchess.com"]
[Source "ChessBase"]
[SourceQuality "1"]

{[%evp 22,62,27,20,18,30,17,12,16,9,6,0,0,0,-9,-5,0,-6,-13,-14,0,0,0,-10,12,0,0,-6,-8,-9,0,0,-3,-19,-21,-46,-21,-27,-27,-40,0,-34,0]} 1. e4 c6 2. d4 d5 3. e5 Bf5 4. Nf3 e6 5. Be2 c5 6. Be3 cxd4 7. Nxd4 Ne7 8. Nd2 {B12: Caro-Kann: Advance Variation} Nbc6 9. N2f3 Bg4 10. O-O Bxf3 11. Nxf3 Qc7 12. c4 {LiveBook: 9 Games} dxc4 13. Bxc4 Nf5 14. Bf4 Be7 15. Bd3 {With the idea Bxf5.} O-O {[#]} 16. Be4 $146 Rfd8 17. Qc2 g6 18. Rfd1 Qb6 19. Bxc6 bxc6 20. Rac1 Rxd1+ 21. Rxd1 Rd8 22. b3 (22. Rxd8+ {feels hotter.} Qxd8 23. Qd2 Qa8 24. g4 c5 25. Qd1) 22... Bc5 23. Rxd8+ Qxd8 24. h3 Qd5 25. Qe2 Nd4 26. Nxd4 Bxd4 27. Kh2 h5 28. Bg3 Kg7 29. Bf4 Qc5 30. Bg3 Qd5 31. Bf4 Qc5 {Precision: White = 36%, Black = 65%.} 1/2-1/2

[Event "US-ch Open 2019"]
[Site "Saint Louis"]
[Date "2019.03.23"]
[Round "4.5"]
[White "Lenderman, Aleksandr"]
[Black "Akobian, Varuzhan"]
[Result "1/2-1/2"]
[WhiteElo "2637"]
[BlackElo "2625"]
[Annotator "TA"]
[PlyCount "75"]
[EventDate "2019.03.20"]
[EventType "swiss"]
[EventCountry "USA"]
[SourceTitle "playchess.com"]
[Source "ChessBase"]
[SourceQuality "1"]

{[%evp 12,75,18,14,14,24,15,10,20,-11,3,6,14,0,0,-24,-16,-45,-35,-42,-38,-27,-16,-44,-8,-8,-8,-8,-8,-10,-8,-8,-8,-8,-8,-8,-6,-8,-8,-32,-37,-34,-26,-20,-10,-11,0,0,0,0,0,-45,-44,-45,0,0,0,0,0,0,0,0,0,0,-8,-30]} 1. d4 Nf6 2. c4 e6 3. Nf3 d5 4. Nc3 Be7 5. Bf4 O-O 6. e3 Nbd7 7. Be2 dxc4 {D37: Queen's Gambit Declined: 5 Bf4} 8. O-O c5 (8... a6 9. a4 c5 10. dxc5 Nxc5 11. Bxc4 Qxd1 12. Rfxd1 Bd7 13. Ne5 Rfd8 14. Nxd7 Rxd7 15. Kf1 {½-½ (30) Vidit,S (2711)-Safarli,E (2676) Porto Carras 2018}) 9. dxc5 Nxc5 10. Qc2 a6 11. Rfd1 Qe8 12. Bxc4 $146 ({Predecessor:} 12. a4 Bd7 13. Ne5 Nb3 14. Ra2 Na5 15. Bxc4 Rc8 16. Nxd7 Nxd7 {½-½ (49) Cacho Reigadas,S (2523)-Minzer,C (2430) Ibiza 2012}) 12... b5 13. Be2 Bb7 14. a3 Rc8 15. Rac1 Na4 {Threatens to win with ...Bxa3!} 16. Qb3 $1 Nxc3 17. bxc3 Nd5 18. Be5 Nb6 19. c4 {[%cal Rc4b5]} Bxf3 20. gxf3 {[%cal Rc4b5]} Nxc4 21. Bxc4 bxc4 22. Rxc4 Qb5 23. Qxb5 axb5 24. Rxc8 Rxc8 $11 {[%mdl 4096] Endgame KRB-KRB} 25. Rb1 f6 26. Bg3 Rc5 27. e4 g5 28. Bb8 f5 29. Ba7 Rc7 30. Be3 f4 31. Bd2 Rc2 32. Bb4 Bc5 (32... Bf6 {looks sharper.} 33. Rd1 Bb2 34. Be7 h6 35. Rd7 Be5) 33. Bxc5 {The position is equal.} Rxc5 34. Kg2 Kf7 35. Rb4 h5 36. a4 bxa4 37. Rxa4 Kf6 38. h3 {Accuracy: White = 75%, Black = 68%.} 1/2-1/2

[Event "US-ch Open 2019"]
[Site "Saint Louis"]
[Date "2019.03.23"]
[Round "4.6"]
[White "Sevian, Samuel"]
[Black "Gareyev, Timur"]
[Result "1/2-1/2"]
[WhiteElo "2642"]
[BlackElo "2557"]
[Annotator "TA"]
[PlyCount "233"]
[EventDate "2019.03.20"]
[EventType "swiss"]
[EventCountry "USA"]
[SourceTitle "playchess.com"]
[Source "ChessBase"]
[SourceQuality "1"]

{[%evp 16,232,23,9,28,28,34,33,50,51,52,19,66,69,84,42,41,33,29,46,54,25,16,0,78,68,86,81,96,91,151,130,130,130,114,106,109,105,235,214,406,207,312,222,247,194,539,522,550,0,0,0,0,0,0,0,0,0,0,-31,-60,-72,-66,-116,0,0,0,0,12,0,0,0,0,0,0,0,8,8,8,8,8,8,8,8,8,8,8,8,8,8,8,0,0,0,0,0,0,0,0,0,8,8,8,8,8,8,8,0,8,8,8,0,0,0,8,0,0,0,0,0,0,0,8,8,68,67,68,67,87,87,87,87,87,87,87,87,87,87,86,87,87,67,87,87,87,8,87,67,79,8,87,87,87,87,87,87,87,87,87,87,87,8,87,8,8,0,8,0,8,0,0,0,8,8,8,0,0,0,0,0,0,0,0,0,8,0,0,0,0,0,0,0,8,0,8,0,8,0,0,0,0,0,8,8,8,0,0,0,0,0,8,8,8,0,8,0,0,0,0]} 1. e4 e5 2. Nf3 Nc6 3. Bb5 Nf6 4. O-O Nxe4 5. d4 Nd6 6. Bxc6 dxc6 7. dxe5 Nf5 8. Qxd8+ Kxd8 9. h3 Be6 {C67: Ruy Lopez: Berlin Defence: 4 0-0 Nxe4} 10. g4 Ne7 11. Ng5 Bd5 $146 {White is slightly better.} ({Predecessor:} 11... h5 12. Nxe6+ fxe6 13. Kg2 Ng6 14. f4 Be7 15. Nd2 Kd7 16. Ne4 c5 17. Be3 {1-0 (116) Dominguez Perez,L (2760)-Dias,P (2416) Tromsoe 2014}) 12. Nc3 Ke8 13. f4 f6 14. Nxd5 Nxd5 15. Ne6 {Hoping for c4.} Kf7 16. f5 fxe5 17. c4 $36 {[%mdl 2048] Black is under pressure.} Nf6 18. Be3 {[%mdl 1024] White has compensation.} Bd6 19. Rad1 b6 (19... h6 $11) 20. g5 $1 $16 {[%cal Rg5f6]} Ne4 21. Kg2 Rae8 22. Kf3 Nc5 (22... g6 $142 23. Nxc7 (23. Kxe4 gxf5+ 24. Rxf5+ Kxe6 $14) 23... gxf5 24. Nxe8 Kxe8) 23. Nxc5 bxc5 24. Ke4 Rb8 25. Rf2 a5 26. h4 h6 (26... Rb4 $16) 27. g6+ $1 $18 Ke7 $2 {[#]} (27... Kf6 {keeps fighting.} 28. Rc2 Rhe8) 28. h5 (28. f6+ $142 $1 {[%mdl 512]} gxf6 29. Rdf1) 28... Rb4 (28... Rhf8 $142 29. Rc2 Rb6) 29. Rc2 Rhb8 30. Rdd2 Ra4 $2 (30... a4 31. Rg2 R4b7) 31. a3 Rb3 32. Rd3 $2 (32. f6+ $18 gxf6 33. Rf2 (33. Bxh6 Ke6 $16)) 32... Rxb2 $1 $11 33. f6+ {[%mdl 64] Decoy} ({Much worse is} 33. Rxb2 Rxc4+ 34. Bd4 cxd4 $17) 33... Kxf6 34. Rxd6+ $1 (34. Rxb2 Rxc4+ 35. Bd4 Ke6 $17) 34... cxd6 {[%cal Bc7d6,Bd6d5,Bd5d4][%mdl 32]} 35. Rxb2 {[%mdl 4096] Endgame KRB-KR} d5+ $1 ({Much weaker is} 35... Rxa3 $6 36. Rb6 $16) 36. Kf3 Rxa3 {Threatens to win with ...d4.} 37. Ke2 d4 ({Not} 37... dxc4 38. Rb7 $16) 38. Bd2 e4 39. Rb7 e3 (39... Ra2 $1 $17 40. Rf7+ Ke6) 40. Be1 Ra2+ 41. Kf3 {Bh4+ is the strong threat.} Rh2 42. Rf7+ Kg5 43. Rxg7 {Threatening mate with Rf7.} Kxh5 44. Rg8 Rh1 45. Bxa5 Rg1 46. g7 Kg6 47. Rc8 Kxg7 48. Rc7+ Kg8 49. Rxc6 {[%mdl 64] Double Attack} h5 50. Rxc5 {Strongly threatening Rd5.} h4 $1 51. Rh5 Rc1 52. c5 h3 53. Bc7 Rf1+ 54. Ke2 Rf2+ 55. Kd3 {And now Ba5 would win.} Rd2+ 56. Ke4 e2 $1 {[%cal Re2e1]} 57. Bg3 h2 58. c6 Rc2 59. Kxd4 Rxc6 60. Rxh2 Re6 61. Rh1 Ra6 62. Re1 Ra4+ 63. Kc5 Ra2 64. Kc4 Ra4+ 65. Kb3 Rg4 66. Bf2 Rg2 67. Rxe2 Kf7 68. Kc4 Rh2 69. Kd5 Rg2 (69... Rh5+ $1 $11 70. Kc4 Ra5) 70. Ke4 $14 Rg4+ 71. Kf5 Rb4 72. Bc5 Rb7 73. Rh2 {Intending Rh7+ and mate.} Rd7 74. Ke5 Rd1 75. Bd6 Rf1 76. Ra2 Rf6 77. Ra7+ $1 Kg6 78. Be7 Rf2 79. Ra6+ Kh5 80. Bc5 (80. Ra4 $1 $16) 80... Rg2 (80... Rc2 $11 {remains equal.}) 81. Kf4 Rg6 82. Ra1 ({Better is} 82. Bd6 $1 $16) 82... Rf6+ (82... Rg4+ $11 83. Kf3 Rc4) 83. Ke4 $16 Rg6 84. Be3 Kg4 85. Bf4 Re6+ {[#]} 86. Be5 $1 {aiming for Rg1+.} Rg6 87. Rf1 Rg5 {[#]} 88. Bf6 (88. Rh1 $1 $16) 88... Rg6 (88... Ra5 $11) 89. Rf4+ (89. Bd4 $16) 89... Kg3 $11 {The position is equal.} 90. Ke3 Kh3 91. Rf5 Rg3+ 92. Kf4 Rg4+ 93. Ke5 (93. Ke3 {feels hotter.} Rg3+) 93... Rg2 94. Rh5+ Kg4 95. Rh4+ Kg3 96. Re4 Kf3 97. Rf4+ Ke3 98. Ra4 Kd3 99. Kd5 Ke2 100. Ra3 Rg4 101. Be5 Kf2 102. Bd4+ Kg2 103. Ke5 Rg3 104. Ra2+ Kf3 105. Kf5 {[%csl Gd4][%cal Ra2f2]} Rh3 106. Rf2+ Kg3 107. Rf4 Rh2 108. Ke4 Rh3 109. Rf3+ $1 Kg2 110. Rf8 Rh4+ 111. Ke3 Rh3+ 112. Ke2 Rh4 113. Rg8+ Kh3 114. Be5 {White wants to mate with Rg3+.} Rg4 115. Rf8 Rg2+ 116. Kf3 {[%cal Rf8h8]} Rg3+ 117. Bxg3 $2 {[%mdl 8192] Accuracy: White = 60%, Black = 54%.} (117. Ke2 Ra3) 1/2-1/2

[Event "US-ch Open 2019"]
[Site "Saint Louis"]
[Date "2019.03.24"]
[Round "5.1"]
[White "Nakamura, Hikaru"]
[Black "Caruana, Fabiano"]
[Result "1/2-1/2"]
[WhiteElo "2746"]
[BlackElo "2828"]
[Annotator "TA"]
[PlyCount "61"]
[EventDate "2019.03.20"]
[EventType "swiss"]
[EventCountry "USA"]
[SourceTitle "playchess.com"]
[Source "ChessBase"]
[SourceQuality "1"]

{[%evp 29,61,13,31,17,39,27,40,28,39,43,45,31,39,37,37,5,2,15,10,22,15,16,19,0,42,42,42,41,41,41,41,41,45,42]} 1. e4 c5 2. Nf3 Nc6 3. d4 cxd4 4. Nxd4 Nf6 5. Nc3 e5 6. Ndb5 d6 7. Bg5 a6 8. Na3 b5 9. Nd5 Be7 10. Bxf6 Bxf6 11. c4 b4 12. Nc2 a5 13. Qf3 {B33: Sicilian: Pelikan and Sveshnikov Variations} (13. g3) 13... Be6 14. Rd1 Bxd5 15. cxd5 Na7 {LiveBook: 5 Games} 16. g3 Rc8 17. Ne3 O-O 18. h4 Rc5 $146 ({Predecessor:} 18... a4 19. Qe2 Rc5 20. Qa6 Ra5 {1-0 (45) Gao,R (2454)-Melekhina,A (2188) Santa Clara 2014}) 19. Bd3 Nc8 20. O-O Qc7 21. Qe2 Nb6 22. Bb5 g6 23. a3 Bg7 24. axb4 axb4 25. Bd3 Nd7 26. Nc4 {[%cal Be3c4,Bc4d2,Bd2b3][%mdl 32]} Rc8 {[%cal Rc5c4]} (26... f5 $5 {[%cal Rf5e4]} 27. Nd2 Qd8 $11) 27. Nd2 {White is slightly better.} Ra5 {[%cal Bc5a5,Ba5a8,Ba8c8][%mdl 32]} 28. Nb3 Raa8 29. Rc1 Qb6 30. Rxc8+ Rxc8 31. Ra1 {Accuracy: White = 71%, Black = 60%.} 1/2-1/2

[Event "US-ch Open 2019"]
[Site "Saint Louis"]
[Date "2019.03.24"]
[Round "5.2"]
[White "Dominguez Perez, Leinier"]
[Black "Xiong, Jeffery"]
[Result "1/2-1/2"]
[WhiteElo "2739"]
[BlackElo "2663"]
[Annotator "TA"]
[PlyCount "130"]
[EventDate "2019.03.20"]
[EventType "swiss"]
[EventCountry "USA"]
[SourceTitle "playchess.com"]
[Source "ChessBase"]
[SourceQuality "1"]

{[%evp 21,130,18,18,22,24,17,14,11,19,19,19,8,21,20,66,60,61,70,61,51,89,75,72,51,85,44,85,92,80,89,101,116,117,50,46,31,22,0,0,0,9,7,10,8,8,8,8,8,8,8,28,8,8,8,8,8,8,0,8,0,14,10,10,14,14,14,15,0,0,0,0,0,0,0,0,0,0,8,16,0,18,0,0,0,8,0,0,0,8,0,0,0,0,0,0,0,0,0,0,0,0,0,0,0,0,0,0,0,0,0,0]} 1. e4 c5 2. Nf3 d6 3. Bb5+ Nd7 4. d4 cxd4 5. Qxd4 a6 6. Bxd7+ Bxd7 7. Nc3 e5 8. Qd3 {B51: Sicilian: Moscow Variation (3 Bb5+) without 3...Bd7} Rc8 9. O-O h6 10. Nd2 Qc7 11. Rd1 Bg4 {LiveBook: 3 Games} 12. f3 Be6 13. Nf1 Nf6 14. Ne3 Be7 15. Bd2 {[#]} O-O $146 16. Kh1 Qc5 17. Be1 b5 {[#]} 18. b4 $1 {[%mdl 512]} Qb6 (18... Qxb4 19. Ncd5) 19. a4 Bc4 20. Qd2 Rfd8 21. axb5 axb5 22. Nf5 ({But not} 22. Nxc4 $6 Rxc4 23. Ra5 Rxb4 $15) 22... Kf8 23. Bh4 Be6 24. Nxe7 Kxe7 25. Ra5 Qc6 26. Nxb5 Qxc2 {[#]} 27. Ra7+ (27. Qe1 $1 $16) 27... Kf8 $14 {Hoping for ...Qxd2.} 28. Qxc2 Rxc2 29. Bxf6 gxf6 30. Nc7 Bb3 {Strongly threatening ...Rxc7!} 31. Rb1 Rc8 32. h3 Ba2 33. Ra1 R8xc7 34. Rxc7 Rxc7 35. Rxa2 $11 {[%mdl 4096] Endgame KR-KR} Rc1+ 36. Kh2 Rb1 {The position is equal.} 37. Ra8+ Ke7 38. Rb8 Rb2 39. h4 Ke6 40. Re8+ Kd7 41. Rh8 Rxb4 42. Rxh6 f5 $1 43. exf5 Rf4 44. Kg3 Rxf5 45. Kg4 Rf4+ 46. Kg5 Ke7 47. h5 Ra4 48. Rf6 e4 49. fxe4 Rxe4 50. Rf4 d5 51. Rf5 {aiming for h6.} d4 52. h6 {Threatens to win with h7.} Kf8 53. Rd5 Kg8 54. g4 {Kf5 is the strong threat.} Re6 55. Kh5 Kh7 56. g5 Re4 57. Rd7 {g6+ would kill now.} Kg8 58. Rd8+ Kh7 59. Rd5 Kg8 60. Rd7 Rf4 61. Re7 Kh8 62. Re8+ Kh7 63. Rf8 Rf1 64. Rd8 Rf4 65. Rd7 {Threatening mate with g6+.} Kg8 {Accuracy: White = 65%, Black = 71%.} 1/2-1/2

[Event "US-ch Open 2019"]
[Site "Saint Louis"]
[Date "2019.03.24"]
[Round "5.3"]
[White "Robson, Ray"]
[Black "So, Wesley"]
[Result "1/2-1/2"]
[WhiteElo "2667"]
[BlackElo "2762"]
[Annotator "TA"]
[PlyCount "53"]
[EventDate "2019.03.20"]
[EventType "swiss"]
[EventCountry "USA"]
[SourceTitle "playchess.com"]
[Source "ChessBase"]
[SourceQuality "1"]

{[%evp 16,53,20,14,19,18,23,20,28,22,14,14,21,0,0,0,0,0,0,0,0,0,0,0,0,0,0,0,0,0,0,0,0,0,0,0,0,0,0,0]} 1. e4 e5 2. Nf3 Nc6 3. Bb5 Nf6 4. O-O Nxe4 5. Re1 Nd6 6. Nxe5 Be7 7. Bf1 Nxe5 8. Rxe5 O-O 9. d4 {[%cal Bd2d4,Bd4d5][%mdl 32]} Ne8 {C67: Ruy Lopez: Berlin Defence: 4 0-0 Nxe4} 10. d5 Bc5 11. Re1 d6 12. Nc3 Bf5 {The position is equal.} 13. Bd3 Qh4 14. g3 ({Much weaker is} 14. Bxf5 Qxf2+ 15. Kh1 Qxf5 $17) 14... Qh3 ({Avoid the trap} 14... Bxf2+ $2 15. Kxf2 Qxh2+ 16. Kf3 $18) 15. Ne4 Bxe4 16. Rxe4 Bxf2+ $1 17. Kxf2 {[%cal Bg1f2,Bf2f3,Bf3e2,Be2e1][%mdl 32]} Qxh2+ {[#]} 18. Kf3 $146 {Black must now prevent Rh4.} Qh5+ {[%mdl 64] [#] Double Attack} 19. g4 Qh3+ 20. Ke2 {Strongly threatening Qf1.} Qg2+ 21. Ke1 Nf6 $1 {[%cal Rf6e4]} 22. Qe2 Qh1+ 23. Qf1 Qh4+ 24. Qf2 Qh1+ 25. Qf1 Qh4+ 26. Qf2 Qh1+ 27. Qf1 {Accuracy: White = 78%, Black = 100%.} 1/2-1/2

[Event "US-ch Open 2019"]
[Site "Saint Louis"]
[Date "2019.03.24"]
[Round "5.4"]
[White "Akobian, Varuzhan"]
[Black "Sevian, Samuel"]
[Result "0-1"]
[WhiteElo "2625"]
[BlackElo "2642"]
[Annotator "TA"]
[PlyCount "68"]
[EventDate "2019.03.20"]
[EventType "swiss"]
[EventCountry "USA"]
[SourceTitle "playchess.com"]
[Source "ChessBase"]
[SourceQuality "1"]

{[%evp 16,68,4,0,23,13,36,7,14,7,9,8,12,-4,8,-33,-29,-36,-8,-32,-38,-39,-24,-70,-48,-58,-14,-19,-18,-25,0,0,0,-83,-95,-60,-79,-86,-77,-81,-67,-93,-2,-146,-145,-141,-120,-223,-222,-710,-709,-700,-694,-675,-676]} 1. d4 Nf6 2. c4 e6 3. Nc3 Bb4 4. Qc2 O-O 5. a3 Bxc3+ 6. Qxc3 d6 7. g3 e5 8. Nf3 {E32: Nimzo-Indian: Classical (4 Qc2): 4...0-0} Nc6 9. Bg2 {[%cal Rd4e5] LiveBook: 7 Games} Ne4 (9... Re8 10. dxe5 dxe5 11. Bg5 h6 12. Rd1 Qe7 13. Bxf6 Qxf6 14. O-O Bg4 15. h3 Bh5 16. g4 Bg6 17. Rd2 Rad8 {1-0 (37) Dreev,A (2667)-Harikrishna,P (2726) Dubai 2014}) 10. Qe3 {White has an edge.} f5 11. b3 $146 ({Predecessor:} 11. O-O Qf6 12. Rd1 exd4 13. Nxd4 Bd7 14. Nxc6 Bxc6 15. Qd4 Qxd4 16. Rxd4 Rae8 {1-0 (44) Rohde,M (2537)-Feldman,E Parsippany 1999}) 11... Qf6 {[%cal Rc6d4]} 12. Bb2 exd4 13. Nxd4 Bd7 14. Rb1 {aiming for Nxc6.} Qg6 15. O-O Rae8 16. Qf4 a6 17. Rfe1 h6 18. Rbd1 Ne5 19. Nf3 {[%cal Rb2e5]} Ng4 20. Rf1 Qf7 21. Nd4 Qh5 {[%csl Gg4][%cal Rh5h2]} 22. h3 Ngf6 (22... c5 {feels hotter.} 23. Nf3 Ngf6 24. Nd2 Qxe2 25. Rfe1 Qh5) 23. Qf3 Qg6 24. e3 (24. Qd3 $1 $11) 24... Ng5 $36 {[%mdl 2048] Black has strong initiative.} 25. Qxb7 {Black must now prevent h4.} f4 $1 {[%cal Rf4g3]} 26. exf4 Nxh3+ 27. Bxh3 Bxh3 28. Rfe1 {[#]} ({Avoid the trap} 28. Qxc7 $2 Re3 $3 $19 {[%mdl 512]}) 28... Ne4 (28... Re4 $1 $17 {Strongly threatening ...Qg4.} 29. f5 (29. Qxc7 Rxf4 30. Nc6 Kh7 $16) 29... Bxf5 30. Qxc7 Bg4) 29. Qd5+ (29. f5 $1 $11 {was the only way to keep the balance.} Bxf5 30. Nxf5 Qxf5 31. Qd5+ Qxd5 32. Rxd5) 29... Kh7 30. Ne2 Bf5 31. Kg2 (31. Nc3 $17) 31... Nc5 $19 32. Nc3 $2 (32. Qd2) 32... Rxe1 {[%mdl 64] Overworked Piece. Black is clearly winning.} 33. Rxe1 Nd3 {[%mdl 64] Double Attack} 34. Re4 Bxe4+ {Accuracy: White = 28%, Black = 54%.} 0-1